[Event "Philadelphia Open"]
[Site "Philadelphia USA"]
[Date "2011.04.24"]
[Round "9"]
[White "Mitkov,N1"]
[Black "Fedorowicz,J"]
[Result "0-1"]
[WhiteElo "2529"]
[BlackElo "2444"]

1.e4 c5 2.Nc3 Nc6 3.Nf3 d6 4.d4 cxd4 5.Nxd4 Nf6 6.Bc4 Qb6 7.Ndb5 a6 8.Be3 Qa5
9.Nd4 Ne5 10.Nb3 Qc7 11.Bd3 e6 12.f4 Nc6 13.Qf3 b5 14.O-O Bb7 15.a3 Be7 16.Rae1 h5
17.h3 g6 18.Nd4 h4 19.Nxc6 Bxc6 20.Bd4 Rh5 21.Qe2 e5 22.Be3 Qb7 23.Bd2 Qa7+
24.Kh2 Qc7 25.Rf3 exf4 26.Bxf4 Nd7 27.Ref1 Rh7 28.a4 b4 29.Nd5 Bxd5 30.exd5 Ne5
31.Re3 Bf6 32.Bxa6 Kf8 33.Kh1 Kg7 34.Bh2 Rh5 35.b3 Qc5 36.Bb7 Ra7 37.Bc6 Nxc6
38.dxc6 Qxc6 39.Re4 Rb7 40.Rd1 d5 41.Re3 d4 42.Re4 Rc5 43.Rd2 Rc3 44.Bg1 d3
45.Rxd3 Rxc2 46.Qf3 Rc1 47.Rf4 Qxf3 48.Rdxf3 Be5 49.Rxh4 Rd7 50.Re4 f6 51.Rxe5 fxe5
52.Kh2 Rc3 53.Rf1 Rxb3 54.a5 Ra3 55.Bb6 Rd5 56.h4 b3 57.Bc7 Rb5 58.Bd6 Raxa5
59.Bf8+ Kg8 60.Bh6 Ra8  0-1

[Event "Branko Vukmanovic Mem Open"]
[Site "Tivat MNE"]
[Date "2011.04.24"]
[Round "9.26"]
[White "Stamatovic,V"]
[Black "Popadic,Petar"]
[Result "1-0"]
[WhiteElo "1845"]
[BlackElo "1682"]

1.e4 c5 2.Nf3 Nc6 3.Nc3 e5 4.Bc4 Be7 5.Nd5 Nf6 6.d3 d6 7.Ng5 O-O 8.Nxe7+ Qxe7
9.O-O h6 10.Nh3 Bxh3 11.gxh3 Qd7 12.Kg2 Rad8 13.f4 exf4 14.Bxf4 Kh7 15.Bd5 Ne7
16.c4 Nexd5 17.cxd5 Qb5 18.b3 Rfe8 19.Qf3 Qd7 20.Bd2 Re7 21.Rf2 Rg8 22.Raf1 Ne8
23.Qh5 Nf6 24.Qf3 Ne8 25.Kh1 f6 26.Qh5 Rf7 27.Rg2 Rgf8 28.Bxh6 gxh6 29.Qg6+ Kh8
30.Qxh6+ Rh7 31.Qxf8+  1-0

[Event "2nd Lille Open"]
[Site "Lille FRA"]
[Date "2011.04.25"]
[Round "1.15"]
[White "Abergel,T"]
[Black "Lalau,A"]
[Result "1-0"]
[WhiteElo "2520"]
[BlackElo "2059"]

1.e4 c5 2.Nc3 Nc6 3.Bb5 g6 4.Bxc6 dxc6 5.d3 Bg7 6.f4 e5 7.Nf3 Bg4 8.O-O h5
9.Qe1 Bxf3 10.Rxf3 Qe7 11.Qf2 Nf6 12.h3 exf4 13.Bxf4 Nd7 14.Ne2 O-O 15.Rf1 Ne5
16.Bxe5 Bxe5 17.c3 Rad8 18.Kh1 Rd7 19.Qe3 b6 20.Ng1 Qe6 21.a3 Rfd8 22.Rd1 Qb3
23.Rd2 Qe6 24.Rf1 Bg7 25.Nf3 f6 26.Nh4 Kh7 27.Qg3 Qe8 28.Rf3 c4 29.d4 g5
30.Nf5 Qxe4 31.Qf2 Re8 32.Kh2 Qd5 33.Re2 Rxe2 34.Qxe2 Qf7 35.Qe4 Qd5 36.Qc2 Kg8
37.Re3 Bf8 38.Ng3 Qf7 39.Nf5 Qd5 40.Kh1 Qf7 41.Qe2 h4 42.Re8 Kh8 43.Qe4 Rd5
44.Rc8 Rb5 45.Nd6  1-0

[Event "Oberhausen Easter Open"]
[Site "Oberhausen GER"]
[Date "2011.04.25"]
[Round "6.4"]
[White "Van Assendelft,F"]
[Black "Hirschberg,V"]
[Result "1-0"]
[WhiteElo "2356"]
[BlackElo "2223"]

1.e4 c5 2.Nf3 Nc6 3.Nc3 Nf6 4.d4 cxd4 5.Nxd4 e5 6.Ndb5 d6 7.Nd5 Nxd5 8.exd5 Nb8
9.c4 Nd7 10.Bd3 Be7 11.O-O O-O 12.Kh1 a6 13.Nc3 f5 14.f3 Bg5 15.b4 Bxc1 16.Rxc1 Qh4
17.g3 Qh3 18.Qe2 Rf6 19.f4 Rh6 20.Qg2 Qxg2+ 21.Kxg2 Rf6 22.Bc2 exf4 23.gxf4 Rg6+
24.Kh1 Nf6 25.Na4 Bd7 26.Nb6 Rf8 27.c5 Bb5 28.Bxf5 Rh6 29.Be6+ Kh8 30.Rfe1 Ne8
31.a4 Bd3 32.Re3 Bg6 33.f5 Bh5 34.Nd7  1-0

[Event "2nd Lille Open"]
[Site "Lille FRA"]
[Date "2011.04.26"]
[Round "2.9"]
[White "Maze,S"]
[Black "Chanoine,G"]
[Result "1-0"]
[WhiteElo "2559"]
[BlackElo "2308"]

1.e4 c5 2.Nf3 Nc6 3.Nc3 g6 4.d4 cxd4 5.Nxd4 Bg7 6.Be3 Nf6 7.Bc4 Qa5 8.O-O O-O
9.Nb3 Qc7 10.f4 d6 11.Be2 Rd8 12.Bf3 e6 13.Qe2 a6 14.Qf2 Nd7 15.Rad1 Rb8
16.h4 b5 17.h5 Nb6 18.f5 exf5 19.exf5 Bxf5 20.Bxc6 Qxc6 21.Nd4 Bxd4 22.Bxd4 Nd7
23.Qh4 b4 24.Rxf5 bxc3 25.hxg6  1-0

[Event "8th Balagne Open"]
[Site "Calvi FRA"]
[Date "2011.04.29"]
[Round "6.2"]
[White "Venkatesh,M"]
[Black "Hamdouchi,H"]
[Result "0-1"]
[WhiteElo "2455"]
[BlackElo "2593"]

1.e4 c5 2.Nc3 Nc6 3.Bb5 Nd4 4.Bc4 e6 5.Nge2 a6 6.a4 Nf6 7.O-O d5 8.exd5 exd5
9.Ba2 Be6 10.d3 Nc6 11.Bg5 Qd6 12.Bxf6 gxf6 13.f4 f5 14.Ng3 h5 15.Rf2 O-O-O
16.Nce2 h4 17.Nf1 Bh6 18.c3 d4 19.cxd4 Nxd4 20.Nxd4 Qxd4 21.Bxe6+ fxe6 22.Qb3 Bxf4
23.Qxe6+ Kb8 24.Re1 Rhe8 25.Qxe8 Rxe8 26.Rxe8+ Ka7 27.Rf8 Qxa4 28.Rxf5 Bc1
29.Rxc5 Bxb2 30.Rc4 Qb3 31.Rxh4 Qb6 32.Rf4 Bd4 33.g4 Bxf2+ 34.Rxf2 Qd4 35.g5 a5
36.g6 a4 37.Nd2 a3 38.Nf3 Qf6 39.Rg2 Qxf3 40.g7 Qf7  0-1

[Event "TCh-ESP Selecciones Autonomicas"]
[Site "Gijon ESP"]
[Date "2011.04.29"]
[Round "1.2"]
[White "Fernandez Barrera,V"]
[Black "Gonzalez Martinez,M"]
[Result "1-0"]
[WhiteElo "2335"]
[BlackElo "2063"]

1.e4 c5 2.Nf3 Nc6 3.Nc3 d6 4.d4 cxd4 5.Nxd4 e5 6.Ndb5 a6 7.Na3 b5 8.Nd5 Nf6
9.Bg5 Be7 10.Bxf6 Bxf6 11.c4 b4 12.Nc2 a5 13.Qf3 O-O 14.Rd1 Bg5 15.c5 dxc5
16.h4 Bf6 17.Ndxb4 Nd4 18.Nxd4 cxd4 19.Nd5 Rb8 20.b3 Be7 21.Bc4 Bb4+ 22.Nxb4 axb4
23.Qg3 Qe7 24.O-O Ra8 25.f4 Rxa2 26.fxe5 Ra5 27.Bd5 Rc5 28.Rxd4 Rc3 29.Qf2 Be6
30.Bxe6 Qxe6 31.Rxb4 Rxb3 32.Rxb3 Qxb3 33.Qf4 Qb6+ 34.Kh2 Qe6 35.Rd1 Re8
36.Qf5 g6 37.Qxe6 Rxe6 38.Rd5 f6 39.Rd8+ Kg7 40.Rd7+ Kg8 41.exf6 Rxe4 42.Rg7+ Kh8
43.Re7 Rxh4+ 44.Kg3  1-0

[Event "TCh-ESP Selecciones Autonomicas"]
[Site "Gijon ESP"]
[Date "2011.04.30"]
[Round "3.3"]
[White "Navarro Cia,M"]
[Black "Gonzalez Martinez,M"]
[Result "1-0"]
[WhiteElo "2330"]
[BlackElo "2063"]

1.e4 c5 2.Nf3 Nc6 3.Nc3 d6 4.d4 cxd4 5.Nxd4 Nf6 6.Bg5 e5 7.Bxf6 gxf6 8.Nf5 Bxf5
9.exf5 Rc8 10.Qd5 Be7 11.Bc4 O-O 12.O-O-O Nb4 13.Qe4 b5 14.Bb3 Qa5 15.Kb1 Kh8
16.Rhe1 d5 17.Nxd5 Nxd5 18.Rxd5 Qb6 19.Qe2 Rc5 20.Rd3 Qc6 21.Qh5 Qxg2 22.Rh3 Qg7
23.Rg3  1-0

[Event "TCh-ESP Selecciones Autonomicas"]
[Site "Gijon ESP"]
[Date "2011.04.30"]
[Round "3.1"]
[White "Reinaldo Castineira,R"]
[Black "Saenz Narciso,M"]
[Result "1-0"]
[WhiteElo "2497"]
[BlackElo "2226"]

1.e4 c5 2.Nc3 Nc6 3.Bb5 g6 4.Bxc6 bxc6 5.d3 Bg7 6.Be3 d6 7.Qd2 h5 8.f4 Nh6
9.h3 Be6 10.Nf3 Rb8 11.Rb1 Qa5 12.O-O f5 13.e5 O-O 14.a3 Nf7 15.b4 cxb4 16.axb4 Qc7
17.exd6 exd6 18.Bd4 Bxd4+ 19.Nxd4 Bd7 20.Qf2 Rfe8 21.b5 c5 22.Nd5 Qd8 23.Nc6 Bxc6
24.bxc6 Rxb1 25.Rxb1 Kf8 26.c7 Qa8 27.c4 a5 28.Re1 Qc6 29.Rxe8+ Kxe8 30.Qe1+ Kf8
31.Qe6  1-0

[Event "Ostravsky Konik A"]
[Site "Ostrava CZE"]
[Date "2011.04.30"]
[Round "1.44"]
[White "Habada,J"]
[Black "Lys,J"]
[Result "0-1"]
[WhiteElo "1907"]
[BlackElo "2174"]

1.e4 c5 2.Nc3 Nc6 3.Nge2 g6 4.d4 cxd4 5.Nxd4 Bg7 6.Be3 Qa5 7.Qd2 Nf6 8.Be2 d6
9.f3 a6 10.Nb3 Qc7 11.a4 b6 12.O-O O-O 13.Bh6 Bxh6 14.Qxh6 Nb4 15.Qd2 Be6
16.Rfd1 Bc4 17.Rac1 Rac8 18.Kh1 Rfd8 19.Qe3 Nxc2 20.Rxc2 Bxb3 21.Rcc1 Bxd1
22.Rxd1 Qb7 23.f4 Rxc3 24.bxc3 Qxe4 25.Qxb6 Rc8 26.Qxa6 Rxc3 27.Rf1 d5 28.a5 d4
29.Qb5 d3 30.Qb8+ Kg7 31.Bf3 Qc4 32.Qe5 d2 33.Be2 Qc5 34.a6 Qxe5 35.fxe5 Ne4
36.Kg1 Ra3 37.Bf3 Nc3  0-1

[Event "43rd TCh-ITA 2011"]
[Site "Spoleto ITA"]
[Date "2011.04.30"]
[Round "5"]
[White "Radulski,J"]
[Black "Dvirnyy,D"]
[Result "1-0"]
[WhiteElo "2586"]
[BlackElo "2448"]

1.e4 c5 2.Nc3 Nc6 3.Nf3 g6 4.d4 cxd4 5.Nxd4 Bg7 6.Be3 Nf6 7.f4 d6 8.Be2 O-O
9.O-O Qb6 10.Qd3 Qa5 11.Nb3 Qd8 12.h3 Be6 13.Nd4 Nxd4 14.Bxd4 d5 15.e5 Bf5
16.exf6 Bxd3 17.fxg7 Re8 18.Bxd3 a6 19.Rae1 f6 20.Re6 Rc8 21.f5 Rc6 22.Rxc6 bxc6
23.fxg6 h6 24.b4 Kxg7 25.Ne2 e5 26.Bc5 e4 27.Bxa6 Qa8 28.b5 e3 29.a4 Re4
30.Nd4 Kxg6 31.Rb1 f5 32.Nxc6 e2 33.Re1 Rxa4 34.Rxe2 Rxa6 35.Ne5+  1-0

[Event "TCh-ESP Selecciones Autonomicas"]
[Site "Gijon ESP"]
[Date "2011.05.01"]
[Round "4.4"]
[White "Martinez Martin,D"]
[Black "Suarez Real,A"]
[Result "0-1"]
[WhiteElo "2398"]
[BlackElo "2386"]

1.e4 c5 2.Nf3 Nc6 3.Nc3 Nf6 4.Bb5 g6 5.h3 Bg7 6.e5 Ng8 7.O-O Nh6 8.g4 O-O
9.d3 d6 10.Bg5 f6 11.Bc4+ Nf7 12.exf6 exf6 13.Bf4 Kh8 14.Bd5 Nfe5 15.Nxe5 dxe5
16.Bxc6 exf4 17.Bf3 f5 18.Kg2 Qg5 19.Rh1 fxg4 20.hxg4 Bxc3 21.bxc3 Bxg4 22.Kf1 Bxf3
23.Qxf3 Rf7 24.Rb1 Rb8 25.a4 Qf6 26.Qd5 b6 27.Re1 Rd8 28.Qc4 f3 29.Re4 Rdf8
30.Rhh4 Qg5 31.Rhg4 Qc1+ 32.Re1 Qxc2 33.a5 Qd2 34.a6 Rd7 35.Rge4 Qg5 36.Rg4 Qd2
37.Rge4 Qg5 38.Rg4 Qf5 39.Ree4 Qh5 40.Kg1 Rff7 41.d4 cxd4 42.cxd4 Rc7 43.Qf1 Qh6
44.d5 Rc1 45.Re1 Rfc7 46.Rge4 Qg5+ 47.Kh2 Rxe1 48.Rxe1 Qh4+ 49.Kg1 Qg5+ 50.Kh2 Qh4+
51.Kg1 Rc4  0-1

[Event "TCh-ESP Selecciones Autonomicas"]
[Site "Gijon ESP"]
[Date "2011.05.01"]
[Round "5.4"]
[White "Sanchez Aller,F"]
[Black "Romero Holmes,A"]
[Result "0-1"]
[WhiteElo "2339"]
[BlackElo "2491"]

1.e4 c5 2.Nc3 Nc6 3.Bb5 Na5 4.Qh5 a6 5.Be2 e6 6.d3 Nf6 7.Qh3 d5 8.e5 d4 9.Nb1 Nd5
10.Nf3 Nc6 11.O-O Qc7 12.Qg3 f6 13.exf6 gxf6 14.Qxc7 Nxc7 15.a4 Nd5 16.a5 Bd7
17.Nfd2 O-O-O 18.Nc4 Kb8 19.Bf3 Ncb4 20.Nba3 e5 21.Bd2 Be6 22.Rfe1 Bg7 23.Re2 h5
24.h3 h4 25.Rae1 Bh6 26.Be4 Nf4 27.Bxf4 Bxf4 28.Nb6 Rhg8 29.Kh1 Rge8 30.Nac4 Re7
31.Bf3 Bf7 32.Bg4 Bg6 33.Kg1 Be8 34.Bf3 Kc7 35.b3 Rg7 36.Kh1 Bb5 37.Na4 Bxa4
38.bxa4 Kb8 39.Rb1 Kc7 40.Be4 Rdg8 41.Bf3 Rd8 42.Rb3 Kb8 43.Be4 Rf7 44.Bf3 Re7
45.Nb6 f5 46.Nc4 Re6 47.Rb1 Rde8 48.Rbe1 R8e7 49.Kg1 Kc7 50.Kf1 Kd8 51.Nb6 Rxb6
52.axb6 Na2 53.Bh5 Nc3 54.Bg6 Nxa4 55.Bxf5 Nxb6 56.Be4 Na4 57.Ra1 Nc3 58.Ree1 Bd2
59.Reb1 Nxb1 60.Rxb1 b5 61.Ra1 Re6 62.Bb7 a5 63.Rb1 Rb6 64.Bd5 a4 65.Bc4 a3
66.Ba2 Kc7 67.Ke2 Bc3 68.g4 Bb2 69.f3 c4 70.Kd2 Rf6 71.Ke2 Rc6 72.Kd2 Bc3+
73.Kd1 Bb2 74.Kd2 Kd6 75.Kd1 cxd3 76.cxd3 Rc3  0-1

[Event "TCh-HUN 2010-11"]
[Site "Kazincbarcika HUN"]
[Date "2011.05.01"]
[Round "10"]
[White "Mihok,O"]
[Black "Dovzik,J"]
[Result "1-0"]
[WhiteElo "2463"]
[BlackElo "2380"]

1.e4 c5 2.Nf3 Nc6 3.Nc3 e5 4.Bc4 Be7 5.d3 d6 6.Nd2 Bg5 7.h4 Bh6 8.Qh5 g6
9.Qd1 Nf6 10.h5 gxh5 11.Nf1 Bg4 12.f3 Bxc1 13.Qxc1 Be6 14.Qd2 Rg8 15.Ne3 Nd4
16.O-O-O Rb8 17.Ncd5 b5 18.Nxf6+ Qxf6 19.Bxe6 fxe6 20.c3 Nc6 21.Rxh5 Rg7
22.Rdh1 Rbb7 23.Rh6 Qf7 24.Ng4 Kd8 25.Rf6 Qg8 26.Rhh6 Rbe7 27.Qd1 Kc8 28.Qb3 Nd8
29.Qxb5 Rxg4 30.fxg4 Qg5+ 31.Kc2 Rb7 32.Qc4 Qe3 33.b3 Qe2+ 34.Kb1 Qd1+ 35.Kb2 Qd2+
36.Kb1 Qd1+ 37.Kb2 Qd2+ 38.Ka3 Qc1+ 39.Ka4 Qd2 40.a3 Qg5 41.Rxe6 Qg8 42.b4 Kb8
43.Rxd6 Qe8+ 44.Kb3  1-0

[Event "TCh-ESP Selecciones Autonomicas"]
[Site "Gijon ESP"]
[Date "2011.05.02"]
[Round "6.2"]
[White "De la Villa Garcia,J"]
[Black "Llaneza Vega,M"]
[Result "0-1"]
[WhiteElo "2491"]
[BlackElo "2473"]

1.e4 c5 2.Nc3 Nc6 3.Nf3 Nf6 4.Bb5 Qc7 5.O-O Nd4 6.Re1 a6 7.Bf1 Ng4 8.g3 Nxf3+
9.Qxf3 Ne5 10.Qe2 e6 11.Nd5 Qd8 12.c3 Nc6 13.b3 d6 14.Ne3 g6 15.Bb2 Bg7 16.Rad1 e5
17.f4 h5 18.Bg2 h4 19.f5 hxg3 20.hxg3 Qg5 21.Qf3 Bd7 22.Nc4 Ke7 23.Nb6 gxf5
24.Rf1 Rag8 25.Nxd7 Kxd7 26.Qxf5+ Qxf5 27.Rxf5 Ke8 28.Rg5 Bh6 29.Rxg8+ Rxg8
30.Kf2 Ke7 31.Bh3 b5 32.a3 Na5 33.d4 exd4 34.cxd4 Be3+ 35.Kf3 cxd4 36.Bxd4 Bxd4
37.Rxd4 Nxb3 38.Rd5 Rh8 39.Bf1 f6 40.g4 Rc8 41.g5 fxg5 42.Rxg5 Nd4+ 43.Kf2 Rc2+
44.Ke3 Ne6 45.Rh5 Rc3+ 46.Kd2 Rxa3 47.e5 d5 48.Rh7+ Kf8 49.Rh6 Ng5 50.Rd6 Ne4+  0-1

[Event "TCh-ESP Selecciones Autonomicas"]
[Site "Gijon ESP"]
[Date "2011.05.02"]
[Round "6.3"]
[White "Forcen Esteban,D"]
[Black "Fernandez Barrera,V"]
[Result "1-0"]
[WhiteElo "2425"]
[BlackElo "2335"]

1.e4 c5 2.Nc3 Nc6 3.Bb5 Nd4 4.Bc4 g6 5.Nf3 Bg7 6.Nxd4 cxd4 7.Qf3 Nh6 8.Ne2 O-O
9.d3 Ng4 10.Bb3 d6 11.O-O a5 12.a4 e5 13.c3 Qb6 14.Ra3 Nf6 15.cxd4 Bg4 16.Qe3 exd4
17.Qd2 Be6 18.Qd1 Rac8 19.Bxe6 fxe6 20.Rb3 Qa7 21.Nf4 Rfe8 22.Rb5 Nd7 23.h4 Bh6
24.h5 Ne5 25.Qb3 Rxc1 26.Rxc1 Bxf4 27.Rc7 Qa8 28.Rbxb7 Bh6 29.Rxh7 Qc8 30.Rbc7 Qd8
31.Qb7 Qf6 32.Rxh6 Rf8 33.Rc2 Qg7 34.Qxg7+ Kxg7 35.Rxg6+ Nxg6 36.hxg6 Rb8
37.Rc6 Rb3 38.Rxd6 Rxd3 39.Rxe6 Rd1+ 40.Kh2 Rd2 41.Kg3 Rxb2 42.Ra6 d3 43.Rxa5 Rb4
44.Rd5 Rxe4 45.Rxd3  1-0

[Event "Ostravsky Konik A"]
[Site "Ostrava CZE"]
[Date "2011.05.02"]
[Round "3.44"]
[White "Habada,J"]
[Black "Vermirovsky,V"]
[Result "0-1"]
[WhiteElo "1907"]
[BlackElo "2026"]

1.e4 c5 2.Nc3 Nc6 3.Nge2 d6 4.d4 cxd4 5.Nxd4 Nf6 6.Bc4 Qb6 7.Be3 Qxb2 8.Ndb5 Qb4
9.Qe2 Nxe4 10.O-O Nxc3  0-1

[Event "ch-UKR semi-final"]
[Site "Alushta UKR"]
[Date "2011.05.03"]
[Round "1.55"]
[White "Tkachova,A"]
[Black "Melnichuk,M"]
[Result "1/2-1/2"]
[WhiteElo "1969"]
[BlackElo "2322"]

1.e4 c5 2.Nf3 Nc6 3.Nc3 g6 4.d4 cxd4 5.Nxd4 Bg7 6.Nb3 d6 7.Be2 Nf6 8.O-O O-O
9.Bg5 a6 10.a4 Be6 11.f4 Rc8 12.Kh1 Na5 13.Nxa5 Qxa5 14.Bd3 Bc4 15.Rf3 h6
16.Bh4 Qh5 17.Rh3 Qxd1+ 18.Rxd1 Rfe8 19.Rf3 Bxd3 20.cxd3 Nd7 21.Nd5 Kf8 22.b4 Rc2
23.Rf2 Rxf2 24.Bxf2 Rc8 25.Kg1 Rc2 26.Ne3 Rc8 27.Rd2 Rc1+ 28.Rd1 Rc3 29.Nd5 Rc8
30.Kf1 f5 31.exf5 gxf5 32.Re1 Bf6 33.Ne3 e6 34.g4 fxg4 35.Nxg4 Re8 36.Nxh6 Bc3
37.Rc1 Bxb4 38.Rc7 Re7 39.Bh4 Rh7  1/2-1/2

[Event "ch-UKR semi-final"]
[Site "Alushta UKR"]
[Date "2011.05.03"]
[Round "1.31"]
[White "Klementev,O"]
[Black "Biriukov,N"]
[Result "0-1"]
[WhiteElo "2111"]
[BlackElo "2426"]

1.e4 c5 2.Nf3 Nc6 3.Nc3 e6 4.d3 d5 5.g3 Nf6 6.Qe2 Be7 7.Bg2 Nd4 8.Nxd4 cxd4
9.Nd1 dxe4 10.dxe4 Bd7 11.e5 Nd5 12.O-O Qb6 13.Qg4 g6 14.c4 dxc3 15.bxc3 h5
16.Qe2 Rc8 17.Bxd5 exd5 18.Be3 Bc5 19.Qd2 Be6 20.Re1 h4 21.Nb2 hxg3 22.fxg3 Bxe3+
23.Rxe3 Rh5 24.Re1 a6 25.Kg2 Bf5 26.e6 fxe6 27.Qf2 Be4+ 28.Kg1 Rf5 29.Qd2 Ke7
30.Nd1 Rcf8 31.Qd4 Qd6 32.Qg7+ R5f7 33.Qh6 Qc5 34.Qg5+ Kd6 35.h3 Qc4 36.Rxe4 dxe4
37.Ne3 Qxc3 38.Rd1+ Kc6 39.Kh2 Rf2+ 40.Ng2 Rxg2+  0-1

[Event "Karlovy Vary Open"]
[Site "Karlovy Vary CZE"]
[Date "2011.05.03"]
[Round "8.13"]
[White "Blazek,Ja"]
[Black "Hlavacek,T"]
[Result "0-1"]
[WhiteElo "1785"]
[BlackElo "2015"]

1.e4 c5 2.Nc3 Nc6 3.Nf3 d6 4.d4 cxd4 5.Nxd4 g6 6.Be3 Bg7 7.Nxc6 bxc6 8.Bc4 Nf6
9.O-O O-O 10.h3 Bb7 11.Qd2 d5 12.exd5 cxd5 13.Bb3 e5 14.Bg5 d4 15.Bxf6 Bxf6
16.Ne2 Qb6 17.Kh2 Rad8 18.f3 Kg7 19.Bc4 h6 20.Bd3 Rfe8 21.Ng3 Bg5 22.Qf2 Be3
23.Qe2 f5 24.Qd1 Bf4 25.Qe1 Qf6 26.Kh1 Qg5 27.Ne2 Be3 28.Qg3 Qh5 29.b4 Bc8
30.f4 e4 31.Bb5 Bd7 32.Bxd7 Rxd7 33.Nc1 Rc7 34.Nb3 Rxc2 35.Rad1 Bf2 36.Qh2 Qe2
37.Nc1 Qc4 38.g4 e3 39.Qg2 Qc6 40.Rxf2 exf2 41.Nd3 f1=Q+  0-1

[Event "Ostravsky Konik A"]
[Site "Ostrava CZE"]
[Date "2011.05.03"]
[Round "4.23"]
[White "Polok,K"]
[Black "Firt,S"]
[Result "0-1"]
[WhiteElo "2046"]
[BlackElo "2330"]

1.e4 c5 2.Nc3 Nc6 3.Bb5 Nd4 4.Bc4 e6 5.Nge2 Ne7 6.Nxd4 cxd4 7.Nb5 Nc6 8.c3 Qb6
9.O-O a6 10.Nxd4 Nxd4 11.cxd4 Qxd4 12.d3 b5 13.Bb3 Bb7 14.Qe2 Qb6 15.Be3 Bc5
16.d4 Bxd4 17.Bxd4 Qxd4 18.Rfe1 Bc6 19.Rad1 Qe5 20.Rd3 a5 21.a3 a4 22.Ba2 Rb8
23.Qd2 O-O 24.Rg3 Rfc8 25.Bb1 f6 26.Kh1 Kh8 27.f4 Qc5 28.Rc1 Qe7 29.b4 axb3
30.Rxb3 Ra8 31.Qe3 Rcb8 32.Rc5 Ra4 33.Qc3 Qd6 34.Bd3 Rxe4 35.h3 Rxf4 36.Rh5 g6
37.Rh4 Kg7 38.Rb4 Rxh4 39.Rxh4 Qg3  0-1

[Event "29th Metz Open A"]
[Site "Longeville-les-Metz FRA"]
[Date "2011.05.04"]
[Round "4.19"]
[White "Carrillo,J"]
[Black "Achereiner,G"]
[Result "1/2-1/2"]
[WhiteElo "2118"]
[BlackElo "2044"]

1.e4 c5 2.Nf3 Nc6 3.Nc3 e5 4.Bc4 d6 5.d3 Be7 6.O-O Nf6 7.h3 O-O 8.a3 a6 9.Nd5 Nxd5
10.Bxd5 Nd4 11.Nxd4 cxd4 12.f4 Ra7 13.Qh5 g6 14.Qf3 Kg7 15.f5 f6 16.c3 dxc3
17.bxc3 b6 18.Be3 Bb7 19.Rab1 Bxd5 20.Bxb6 Qb8 21.Bxa7 Qxa7+ 22.Qf2 Qxf2+
23.Rxf2 Bc6 24.Rb6 Rc8 25.Rxa6 gxf5 26.Ra7 Kf8 27.Rxf5 d5 28.d4 dxe4 29.Rh5 exd4
30.cxd4 e3 31.Rxh7 Re8 32.Kf1 Bb5+ 33.Ke1 Bc4 34.Rc7 Ba6 35.d5 Bd3 36.Rh8+ Kf7
37.Rxe8 Kxe8 38.Rc3 Be4 39.d6 Bxd6 40.Rxe3 f5 41.g4 Bf4 42.Rc3 fxg4 43.hxg4 Kd7
44.Kf2 Kd6 45.a4 Be5 46.Rc1 Bb2 47.Rc8 Bc6 48.a5 Bd4+ 49.Kg3 Kd7 50.Rg8 Kc7
51.g5 Bd5 52.Re8 Bc6 53.Re7+ Kd6 54.Rh7 Kc5 55.g6 Kb5 56.Rh5+ Ka6 57.Kf4 Bb5
58.Ke4 Bb2 59.Rh2 Bc3 60.Ra2 Be8 61.Kf5 Bd7+ 62.Kg5 Bg7 63.Re2 Ba1 64.Re7 Bb5
65.g7 Bxg7 66.Rxg7 Kxa5 67.Rc7 Kb4 68.Kf4 Bc4 69.Ke3 Kb5 70.Kd4 Be6 71.Re7 Bg4
72.Re5+ Kc6  1/2-1/2

[Event "ch-UKR semi-final"]
[Site "Alushta UKR"]
[Date "2011.05.05"]
[Round "3.46"]
[White "Andrenko,I"]
[Black "Belous,Mikhail"]
[Result "1-0"]
[WhiteElo "2281"]
[BlackElo "1976"]

1.e4 c5 2.Nc3 Nc6 3.Bb5 Nd4 4.Bc4 g6 5.Nf3 Bg7 6.Nxd4 cxd4 7.Qf3 e6 8.Nb5 Be5
9.c3 dxc3 10.d4 a6 11.dxe5 axb5 12.Bb3 cxb2 13.Bxb2 Ne7 14.h4 h5 15.Qf6 Qa5+
16.Ke2 Rg8 17.Rh3 Qb4 18.Qf3 Nc6 19.Qd3 Ra4 20.Re3 Nd4+ 21.Bxd4 Qxd4 22.Qxd4 Rxd4
23.Rc3 Ke7 24.Ke3 Rb4 25.Rac1 d6 26.exd6+ Kd7 27.e5  1-0

[Event "ch-UKR semi-final"]
[Site "Alushta UKR"]
[Date "2011.05.06"]
[Round "4.43"]
[White "Shtembuliak,E"]
[Black "Meleshko,V"]
[Result "0-1"]
[WhiteElo "2103"]
[BlackElo "2285"]

1.e4 c5 2.Nc3 Nc6 3.Bb5 g6 4.Bxc6 bxc6 5.d3 Bg7 6.Nge2 d6 7.O-O f5 8.Ng3 Nf6
9.exf5 Bxf5 10.Nxf5 gxf5 11.Ne2 O-O 12.Ng3 Qd7 13.Qf3 e6 14.Bd2 Ng4 15.Bc3 Ne5
16.Qf4 Qf7 17.Qh4 Bf6 18.Qh5 Qg6 19.Rae1 Kf7 20.f4 Ng4 21.Bxf6 Nxf6 22.Qf3 Rac8
23.d4 cxd4 24.Qa3 Nd5 25.Qxa7+ Rc7 26.Qxd4 c5 27.Qd2 c4 28.Ne2 Re8 29.Rf3 Qf6
30.Nd4 Kg7 31.Ra3 Kh8 32.Ra6 c3 33.bxc3 Nxc3 34.Nf3 Ne4 35.Qe2 Rec8 36.Ng5 Rxc2
37.Qe3 R2c3 38.Qa7 R3c7 39.Qe3 Rc3 40.Qa7 R3c7 41.Qe3 Rc4 42.Ra7 h6 43.Nf3 Qb2
44.h3 Rg8 45.Re2 Rc1+ 46.Kh2 Ng3 47.Ng1 Rxg1 48.Qxg1 Qxe2 49.Ra3 Nh5 50.Ra4 Qc2
51.Rd4 Qxa2 52.Rb4 Qd2 53.Ra4 Nxf4 54.Rd4 Rxg2+  0-1

[Event "7th WSCC U17 Open"]
[Site "Krakow POL"]
[Date "2011.05.06"]
[Round "7.1"]
[White "Klepaczka,T"]
[Black "Lewicki,Mir"]
[Result "0-1"]
[WhiteElo "2115"]
[BlackElo "2138"]

1.e4 c5 2.Nc3 Nc6 3.Bb5 g6 4.Bxc6 dxc6 5.d3 Bg7 6.Be3 b6 7.Qd2 Nf6 8.h3 O-O
9.f4 Ba6 10.g4 c4 11.d4 b5 12.g5 Nh5 13.Nge2 Bc8 14.Bf2 Qa5 15.e5 Bf5 16.Ng3 Nxg3
17.Bxg3 Rad8 18.Ne2 Qa4 19.b3 cxb3 20.cxb3 Qa6 21.Rc1 f6 22.h4 fxe5 23.fxe5 Be4
24.Rf1 Rxf1+ 25.Kxf1 Qc8 26.Qe3 Qg4 27.Kf2 Rf8+ 28.Nf4 Bd5 29.Rf1 h6 30.Ke1 Qf5
31.Kd2 hxg5 32.hxg5 Rd8 33.b4 Bc4 34.Rf2 Qb1 35.Kc3 a5 36.bxa5 c5 37.d5 Bxa2
38.Qf3  0-1

[Event "29th Metz Open A"]
[Site "Longeville-les-Metz FRA"]
[Date "2011.05.06"]
[Round "7.18"]
[White "Migot,T"]
[Black "Carrillo,J"]
[Result "1-0"]
[WhiteElo "2272"]
[BlackElo "2118"]

1.e4 c5 2.Nc3 Nc6 3.Nf3 d6 4.d4 cxd4 5.Nxd4 Nf6 6.Bc4 e6 7.Be3 a6 8.Qe2 Qc7
9.O-O-O Be7 10.Rhg1 Na5 11.Bd3 O-O 12.g4 b5 13.g5 Nd7 14.Rg3 g6 15.f4 b4
16.Nb1 Nc5 17.Nd2 e5 18.N4b3 Nxd3+ 19.Qxd3 exf4 20.Bxf4 Be6 21.Kb1 Nxb3 22.Nxb3 Rfc8
23.Rg2 Qb7 24.Rgd2 a5 25.Nd4 Bc4 26.Qg3 a4 27.Bxd6 Bxd6 28.Qxd6 b3 29.e5 bxa2+
30.Ka1 a3 31.b3 Ra6 32.Nc6 Raxc6 33.Qxa3 Qb8 34.Qe7 Re8 35.Rd8 Re6 36.Rxb8 Rxe7
37.Rxe8+ Rxe8 38.bxc4 Rxe5 39.Rd5 Re2 40.Kxa2 Rxc2+ 41.Kb3 Rc1 42.Kb4 Kf8
43.Re5 f5 44.gxf6 h5 45.Re2 Kf7 46.Rf2 g5 47.Kb5 g4 48.c5 Rc3 49.c6 h4 50.Kb6 g3
51.hxg3 hxg3 52.Rf4 g2 53.Rg4 Rc2 54.c7 Kxf6 55.Rxg2 Rxg2 56.c8=Q Rg6 57.Kc5 Kg7
58.Kd5 Kh7 59.Ke5 Rg5+ 60.Kf6 Rg6+ 61.Kf5 Rg7 62.Qe8 Ra7 63.Qh5+ Kg8 64.Qg4+ Rg7
65.Qh5 Ra7 66.Qg6+ Kh8 67.Qf6+ Kh7 68.Qh4+ Kg8 69.Qc4+ Kh7 70.Kf6 Rg7 71.Qh4+ Kg8
72.Qh5 Ra7 73.Qg4+ Kh7 74.Qh3+ Kg8 75.Qg3+ Kh7 76.Qh2+  1-0

[Event "ch-UKR semi-final"]
[Site "Alushta UKR"]
[Date "2011.05.07"]
[Round "5.51"]
[White "Khazankin,M"]
[Black "Onikienko,V"]
[Result "0-1"]
[WhiteElo "2091"]
[BlackElo "2205"]

1.e4 c5 2.Nc3 Nc6 3.Bb5 Nd4 4.Bc4 e6 5.Nge2 a6 6.a4 Nf6 7.O-O d5 8.exd5 exd5
9.Nxd5 Nxd5 10.Nxd4 cxd4 11.Qh5 Be6 12.Re1 Nf4 13.Qf3 Be7 14.d3 Bxc4 15.Bxf4 Be6
16.Qxb7 O-O 17.c4 dxc3 18.bxc3 Bf6 19.d4 Bd5 20.Qb2 Qd7 21.h3 Qc6 22.f3 Rfe8
23.a5 Bh4 24.Rxe8+ Rxe8 25.Rc1 Bxf3 26.gxf3 Qxf3 27.Rf1 Qxh3 28.c4 Bf6 29.c5 h6
30.Be5 Bxe5 31.dxe5 Qg3+ 32.Qg2 Qxe5 33.Qf2 Qg5+ 34.Kh1 Qh5+  0-1

[Event "ch-UKR semi-final"]
[Site "Alushta UKR"]
[Date "2011.05.07"]
[Round "5.37"]
[White "Varchenko,G"]
[Black "Odnorozhenko,E"]
[Result "0-1"]
[WhiteElo "2128"]
[BlackElo "2319"]

1.e4 c5 2.Nf3 Nc6 3.Nc3 g6 4.d4 cxd4 5.Nxd4 Bg7 6.Be3 Nf6 7.Bc4 O-O 8.Bb3 d6
9.f3 Na5 10.Qd2 Nxb3 11.axb3 d5 12.e5 Ne8 13.Bh6 Bxe5 14.Bxf8 Kxf8 15.O-O Bg7
16.f4 e6 17.Kh1 Bd7 18.Nf3 a6 19.Ne5 Rc8 20.Rae1 Kg8 21.Rd1 Qc7 22.Rfe1 Bc6
23.h3 Nd6 24.Kh2 Be8 25.Qf2 b5 26.Ne2 Ne4 27.Qd4 f6 28.Nd3 Rd8 29.c3 g5 30.Qe3 Bh5
31.Ra1 Bh6 32.g3 Qd6 33.Kg2 Kh8 34.Nf2 gxf4 35.Nxf4 Rg8 36.Nxe4 dxe4 37.Kf1 e5
38.Qxe4 exf4 39.g4 Bg6 40.Qf3 Bc2 41.b4 Bb3 42.Kg1 f5 43.Kh2 fxg4 44.hxg4 Bg5
45.Kg1 Qb6+ 46.Kh2 Rd8 47.Re2 Bd5 48.Qf1 f3  0-1

[Event "ch-Euro Indiv Women"]
[Site "Tbilisi GEO"]
[Date "2011.05.07"]
[Round "1"]
[White "Umudova,N"]
[Black "Muzychuk,M"]
[Result "1/2-1/2"]
[WhiteElo "2230"]
[BlackElo "2473"]

1.e4 c5 2.Nf3 Nc6 3.Nc3 Nf6 4.d4 cxd4 5.Nxd4 e5 6.Ndb5 d6 7.Bg5 a6 8.Na3 b5
9.Nd5 Be7 10.Bxf6 Bxf6 11.c3 Bg5 12.Nc2 Rb8 13.a4 bxa4 14.Ncb4 Nxb4 15.Nxb4 Bd7
16.Bxa6 Qa5 17.Qxd6 Rb6 18.Qd3 Be7 19.Nd5 Rxb2 20.O-O Qc5 21.Rab1 Rxb1 22.Rxb1 O-O
23.Rb7 Rd8 24.Bb5 Bxb5 25.Qxb5 Qxb5 26.Rxb5 Bf8 27.Ra5 a3 28.Kf1 g6 29.f3 Rb8
30.Nb4 Bxb4 31.cxb4 Rxb4 32.Rxa3 Kg7 33.Ra6 Rb2 34.Rc6 g5 35.Ra6 h5 36.h3 f6
37.Ra4 Kg6 38.Ra8 Re2 39.Rg8+ Kh7 40.Re8 Kg7 41.Re7+ Kg6 42.Re8 g4 43.hxg4 Kf7
44.Rh8 hxg4 45.Rh4  1/2-1/2

[Event "ch-Euro Indiv Women"]
[Site "Tbilisi GEO"]
[Date "2011.05.07"]
[Round "1"]
[White "Gevorgyan,M"]
[Black "Lomineishvili,M"]
[Result "0-1"]
[WhiteElo "2065"]
[BlackElo "2376"]

1.e4 c5 2.Nc3 Nc6 3.Bb5 Nd4 4.Bc4 e6 5.Nge2 Nf6 6.O-O a6 7.a4 d5 8.exd5 exd5
9.Ba2 Bd6 10.d3 O-O 11.h3 Be6 12.Nf4 Bc7 13.Nce2 Nxe2+ 14.Qxe2 Qd6 15.g3 Bd7
16.Qf3 Bc6 17.d4 cxd4 18.Rd1 Rae8 19.b3 Bb6 20.Bb2 Re4 21.Bb1 Rfe8 22.Kh2 h5
23.Ba3 Qe5 24.Nd3 Qb8 25.Nc5 h4 26.Nxe4 dxe4 27.Qf4 hxg3+ 28.fxg3 Bc7 29.Qh4 e3
30.c3 e2 31.Re1 Re3 32.Kg1 Bxg3 33.Qxd4 Bh2+  0-1